| 000 | 00373nam a2200133Ia 4500 | ||
|---|---|---|---|
| 008 | 231129s9999||||xx |||||||||||||| ||spa|| | ||
| 020 | _a84-206-2372-5 | ||
| 040 | _bspa | ||
| 082 | _a575.0162 R949r | ||
| 100 | _aRuse Michael | ||
| 245 | 0 | _aLa revolución darwinista (La ciencia al rojo vivo) | |
| 264 | _aAlianza | ||
| 942 |
_2ddc _cBKS |
||
| 999 |
_c18122 _d18122 |
||